[Event "Turkish Club Cup 2019"]
[Site "Konya"]
[Date "2019.07.18"]
[Round "5"]
[White "Unsal, Omer"]
[Black "Mutlu, Bunyamin"]
[Result "1-0"]
[WhiteElo "1586"]
[BlackElo "1511"]
[Annotator "NA RC"]
[PlyCount "119"]
[EventDate "2019.07.16"]
[EventType "team-tourn"]
[EventCountry "TUR"]
[SourceTitle "playchess.com"]
[Source "ChessBase"]
[SourceQuality "1"]
[TimeControl "5400+30"]

1. c4 {[%emt 0:00:30]} Nf6 {[%emt 0:00:30]} 2. g3 {[%emt 0:00:00]} g6 {[%emt 0:00:30]} 3. Bg2 {[%emt 0:00:00]} Bg7 {[%emt 0:00:00]} 4. Nc3 {[%emt 0:00:00]} O-O {[%emt 0:00:00]} 5. Nf3 {[%emt 0:01:00]} d6 {[%emt 0:01:30]} 6. O-O {[%emt 0:03:30]} c5 {[%emt 0:10:30]} 7. d4 {[%emt 0:02:30]} Nc6 {[%emt 0:17:30]} 8. d5 {[%emt 0:02:30]} Nb8 {[%emt 0:00:00]} 9. Re1 {[%emt 0:08:30]} Na6 {[%emt 0:09:00]} 10. h3 {[%emt 0:03:30]} Nc7 {[%emt 0:01:30]} 11. e4 {[%emt 0:01:30]} Nd7 {[%emt 0:02:30]} 12. Bf4 {[%emt 0:02:30]} f6 {[%emt 0:04:30]} 13. Qd2 {[%emt 0:04:30]} Rf7 {[%emt 0:09:30]} 14. Bf1 {[%emt 0:16:30]} Qf8 {[%emt 0:07:30]} 15. Nh2 {[%emt 0:10:30]} h6 {[%emt 0:18:49]} 16. Be3 {[%emt 0:01:30]} g5 {[%emt 0:02:46]} 17. Be2 {[%emt 0:00:30]} f5 {[%emt 0:01:22]} 18. exf5 {[%emt 0:12:30]} Rxf5 {[%emt 0:00:34]} 19. Bd3 {[%emt 0:00:30]} Ne5 {[%emt 0:01:08]} 20. Be2 {[%emt 0:11:23]} Ne8 {[%emt 0:03:23]} 21. Rf1 {[%emt 0:00:54]} Rf7 {[%emt 0:04:49]} 22. Kg2 {[%emt 0:00:16]} Bf5 {[%emt 0:00:53]} 23. f4 {[%emt 0:01:34]} gxf4 {[%emt 0:00:20]} 24. Rxf4 {[%emt 0:01:05]} Bh7 {[%emt 0:01:34]} 25. Raf1 {[%emt 0:00:20]} Nf6 {[%emt 0:00:59]} 26. Ng4 {[%emt 0:09:17]} Nfxg4 {[%emt 0:00:34]} 27. Bxg4 {[%emt 0:00:50]} Nxc4 {[%emt 0:00:37]} 28. Rxf7 {[%emt 0:01:31]} Nxd2 {[%emt 0:00:34]} 29. Rxf8+ {[%emt 0:00:11]} Rxf8 {[%emt 0:00:19]} 30. Be6+ {[%emt 0:00:12]} Kh8 {[%emt 0:00:33]} 31. Rxf8+ {[%emt 0:00:30]} Bxf8 {[%emt 0:00:00]} 32. Bxd2 {[%emt 0:00:00]} Bg7 {[%emt 0:00:19]} 33. Kf3 {[%emt 0:00:51]} Be5 {[%emt 0:00:54]} 34. Bxh6 {[%emt 0:00:19]} a6 {[%emt 0:00:56]} 35. Bg5 {[%emt 0:00:15]} b5 {[%emt 0:00:18]} 36. Bf4 {[%emt 0:00:51]} Bf6 {[%emt 0:00:29]} 37. Bc1 {[%emt 0:00:37]} b4 {[%emt 0:00:33]} 38. Ne4 {[%emt 0:00:09]} Bd4 {[%emt 0:00:23]} 39. b3 {[%emt 0:00:36]} Kg7 {[%emt 0:00:25]} 40. g4 {[%emt 0:00:14]} a5 {[%emt 0:00:33]} 41. h4 {[%emt 0:00:21]} c4 {[%emt 0:00:30]} 42. h5 {[%emt 0:01:14]} a4 {[%emt 0:00:35]} 43. bxa4 {[%emt 0:04:00]} b3 {[%emt 0:00:39]} 44. axb3 {[%emt 0:00:06]} cxb3 {[%emt 0:00:00]} 45. g5 {[%emt 0:00:13]} b2 {[%emt 0:00:56]} 46. Bxb2 {[%emt 0:00:06]} Bxb2 {[%emt 0:00:08]} 47. g6 {[%emt 0:00:06]} Bxg6 {[%emt 0:00:00]} 48. hxg6 {[%emt 0:00:25]} Kxg6 {[%emt 0:00:00]} 49. Nd2 {[%emt 0:00:30]} Bd4 {[%emt 0:00:08]} 50. Ke4 {[%emt 0:00:30]} Ba7 {[%emt 0:00:30]} 51. Nc4 {[%emt 0:00:30]} Kg7 {[%emt 0:00:30]} 52. a5 {[%emt 0:00:30]} Kf8 {[%emt 0:00:30]} 53. Nb6 {[%emt 0:00:30]} Ke8 {[%emt 0:00:30]} 54. Nc8 {[%emt 0:00:30]} Bc5 {[%emt 0:00:30]} 55. a6 {[%emt 0:00:30]} Kd8 {[%emt 0:00:30]} 56. a7 {[%emt 0:00:30]} Bxa7 {[%emt 0:00:30]} 57. Nxa7 {[%emt 0:00:30]} Kc7 {[%emt 0:00:30]} 58. Nc6 {[%emt 0:00:30]} Kb6 {[%emt 0:00:30]} 59. Nxe7 {[%emt 0:00:30]} Kc7 {[%emt 0:00:30]} 60. Nf5 {[%emt 0:00:30]} 1-0

[Event "Turkish Club Cup 2019"]
[Site "Konya"]
[Date "2019.07.18"]
[Round "5"]
[White "Metin, Enis"]
[Black "Aydin, Ismail"]
[Result "1-0"]
[WhiteElo "1538"]
[BlackElo "1896"]
[Annotator "NA"]
[PlyCount "138"]
[EventDate "2019.07.16"]
[EventType "team-tourn"]
[EventCountry "TUR"]
[SourceTitle "playchess.com"]
[Source "ChessBase"]
[SourceQuality "1"]
[TimeControl "5400+30"]

1. e4 {[%emt 0:00:30]} e6 {[%emt 0:00:30]} 2. Nf3 {[%emt 0:00:30]} d5 {[%emt 0:00:00]} 3. e5 {[%emt 0:00:00]} c5 {[%emt 0:01:00]} 4. b4 {[%emt 0:00:00]} c4 {[%emt 0:01:30]} 5. a3 {[%emt 0:00:00]} b5 {[%emt 0:01:30]} 6. Nc3 {[%emt 0:05:00]} Bd7 {[%emt 0:02:30]} 7. Nd4 {[%emt 0:01:30]} Qb6 {[%emt 0:02:30]} 8. Nf3 {[%emt 0:00:30]} a5 {[%emt 0:00:30]} 9. bxa5 {[%emt 0:00:30]} Rxa5 {[%emt 0:00:30]} 10. d3 {[%emt 0:01:30]} Bb4 {[%emt 0:04:30]} 11. Bb2 {[%emt 0:00:30]} Bc5 {[%emt 0:00:30]} 12. d4 {[%emt 0:00:30]} Be7 {[%emt 0:00:30]} 13. Ne2 {[%emt 0:02:30]} Qa7 {[%emt 0:01:30]} 14. Qc1 {[%emt 0:00:30]} Nc6 {[%emt 0:01:30]} 15. Nf4 {[%emt 0:02:30]} Nh6 {[%emt 0:03:30]} 16. Nh5 {[%emt 0:06:30]} O-O {[%emt 0:05:30]} 17. h4 {[%emt 0:00:30]} Nf5 {[%emt 0:18:30]} 18. Qf4 {[%emt 0:02:30]} Bxa3 {[%emt 0:08:30]} 19. Rxa3 {[%emt 0:00:30]} Rxa3 {[%emt 0:00:30]} 20. g4 {[%emt 0:00:00]} Rxf3 {[%emt 0:10:30]} 21. Qxf3 {[%emt 0:00:00]} Qa2 {[%emt 0:02:30]} 22. gxf5 {[%emt 0:09:30]} Qxb2 {[%emt 0:07:30]} 23. Rg1 {[%emt 0:06:30]} Qa1+ {[%emt 0:03:30]} 24. Qd1 {[%emt 0:05:30]} Qxd1+ {[%emt 0:00:30]} 25. Kxd1 {[%emt 0:00:00]} Kh8 {[%emt 0:00:30]} 26. c3 {[%emt 0:03:00]} g6 {[%emt 0:03:45]} 27. Nf6 {[%emt 0:00:30]} Bc8 {[%emt 0:00:30]} 28. fxg6 {[%emt 0:00:00]} fxg6 {[%emt 0:01:14]} 29. h5 {[%emt 0:01:00]} Ne7 {[%emt 0:00:29]} 30. hxg6 {[%emt 0:00:30]} Nxg6 {[%emt 0:00:22]} 31. Be2 {[%emt 0:01:30]} Rf7 {[%emt 0:01:56]} 32. Bh5 {[%emt 0:01:30]} Rg7 {[%emt 0:00:19]} 33. Ne8 {[%emt 0:02:30]} Ra7 {[%emt 0:00:07]} 34. Rg3 {[%emt 0:01:30]} Kg8 {[%emt 0:10:18]} 35. Nf6+ {[%emt 0:00:30]} Kg7 {[%emt 0:00:36]} 36. Bxg6 {[%emt 0:05:30]} hxg6 {[%emt 0:00:02]} 37. Rh3 {[%emt 0:00:30]} Ra1+ {[%emt 0:00:30]} 38. Ke2 {[%emt 0:00:30]} g5 {[%emt 0:00:00]} 39. Rh7+ {[%emt 0:00:30]} Kg6 {[%emt 0:00:00]} 40. Rh8 {[%emt 0:00:30]} Ba6 {[%emt 0:00:00]} 41. Rg8+ {[%emt 0:03:30]} Kf7 {[%emt 0:01:08]} 42. Rb8 {[%emt 0:07:30]} Ra2+ {[%emt 0:01:27]} 43. Ke1 {[%emt 0:00:30]} Kg6 {[%emt 0:00:28]} 44. Nd7 {[%emt 0:00:30]} Rb2 {[%emt 0:04:04]} 45. Nc5 {[%emt 0:00:30]} b4 {[%emt 0:00:07]} 46. Rxb4 {[%emt 0:01:30]} Ra2 {[%emt 0:00:20]} 47. Rb6 {[%emt 0:01:30]} Bc8 {[%emt 0:00:49]} 48. Rb8 {[%emt 0:00:00]} Rc2 {[%emt 0:00:31]} 49. Rxc8 {[%emt 0:00:00]} Rxc3 {[%emt 0:00:30]} 50. Nxe6 {[%emt 0:00:30]} Rd3 {[%emt 0:00:00]} 51. Ke2 {[%emt 0:02:30]} Kf5 {[%emt 0:00:00]} 52. Rc6 {[%emt 0:00:00]} Ra3 {[%emt 0:00:00]} 53. Nc5 {[%emt 0:01:00]} Ra2+ {[%emt 0:00:00]} 54. Kf3 {[%emt 0:00:30]} Ra3+ {[%emt 0:00:26]} 55. Kg2 {[%emt 0:00:30]} c3 {[%emt 0:00:00]} 56. Rf6+ {[%emt 0:04:30]} Kg4 {[%emt 0:00:00]} 57. f3+ {[%emt 0:00:30]} Kh5 {[%emt 0:00:25]} 58. Ne6 {[%emt 0:00:30]} g4 {[%emt 0:01:32]} 59. Ng7+ {[%emt 0:00:30]} Kh4 {[%emt 0:00:00]} 60. Rh6+ {[%emt 0:00:30]} Kg5 {[%emt 0:00:00]} 61. Rh1 {[%emt 0:00:30]} Kf4 {[%emt 0:01:52]} 62. fxg4 {[%emt 0:00:30]} Ra2+ {[%emt 0:01:50]} 63. Kh3 {[%emt 0:00:30]} Rd2 {[%emt 0:00:00]} 64. Rc1 {[%emt 0:01:30]} c2 {[%emt 0:00:00]} 65. e6 {[%emt 0:00:00]} Rd3+ {[%emt 0:01:17]} 66. Kh4 {[%emt 0:00:00]} Rd1 {[%emt 0:00:00]} 67. Nh5+ {[%emt 0:00:30]} Ke4 {[%emt 0:00:23]} 68. Rxc2 {[%emt 0:00:30]} Kxd4 {[%emt 0:00:30]} 69. Re2 {[%emt 0:00:00]} Kc5 {[%emt 0:00:50]} 1-0

[Event "Turkish Club Cup 2019"]
[Site "Konya"]
[Date "2019.07.18"]
[Round "5"]
[White "Yalcinkaya, Ilhan Safak"]
[Black "Oz, Ozan"]
[Result "0-1"]
[WhiteElo "1537"]
[BlackElo "1923"]
[Annotator "NA"]
[PlyCount "74"]
[EventDate "2019.07.16"]
[EventType "team-tourn"]
[EventCountry "TUR"]
[SourceTitle "playchess.com"]
[Source "ChessBase"]
[SourceQuality "1"]
[TimeControl "5400+30"]

1. Nf3 {[%emt 0:00:30]} d5 {[%emt 0:00:30]} 2. b3 {[%emt 0:00:30]} Bf5 {[%emt 0:00:00]} 3. Bb2 {[%emt 0:00:00]} c6 {[%emt 0:00:00]} 4. e3 {[%emt 0:01:00]} Nf6 {[%emt 0:00:00]} 5. Be2 {[%emt 0:00:00]} h6 {[%emt 0:01:00]} 6. O-O {[%emt 0:02:00]} Nbd7 {[%emt 0:00:00]} 7. d4 {[%emt 0:01:30]} e6 {[%emt 0:00:00]} 8. c4 {[%emt 0:01:30]} Bd6 {[%emt 0:00:30]} 9. Nbd2 {[%emt 0:02:30]} Ne4 {[%emt 0:00:30]} 10. Ne5 {[%emt 0:12:30]} Qc7 {[%emt 0:05:30]} 11. f4 {[%emt 0:01:30]} Ndf6 {[%emt 0:04:30]} 12. c5 {[%emt 0:03:30]} Be7 {[%emt 0:00:30]} 13. Nxe4 {[%emt 0:05:30]} Nxe4 {[%emt 0:02:30]} 14. Bg4 {[%emt 0:03:30]} Bf6 {[%emt 0:05:30]} 15. Nd3 {[%emt 0:15:30]} O-O {[%emt 0:01:30]} 16. Bxf5 {[%emt 0:06:30]} exf5 {[%emt 0:00:00]} 17. Nf2 {[%emt 0:00:00]} Rfe8 {[%emt 0:01:00]} 18. Qh5 {[%emt 0:03:00]} Qd7 {[%emt 0:02:30]} 19. Nxe4 {[%emt 0:00:30]} Rxe4 {[%emt 0:00:30]} 20. Rae1 {[%emt 0:00:30]} Rae8 {[%emt 0:00:30]} 21. Rf3 {[%emt 0:00:30]} Bxd4 {[%emt 0:02:30]} 22. Bxd4 {[%emt 0:02:30]} Rxd4 {[%emt 0:00:00]} 23. exd4 {[%emt 0:12:30]} Rxe1+ {[%emt 0:00:00]} 24. Rf1 {[%emt 0:00:30]} Qe6 {[%emt 0:00:30]} 25. Qf3 {[%emt 0:00:30]} Re3 {[%emt 0:04:30]} 26. Qd1 {[%emt 0:16:02]} Qe4 {[%emt 0:00:00]} 27. Kh1 {[%emt 0:05:17]} Rd3 {[%emt 0:01:00]} 28. Qe1 {[%emt 0:01:25]} Rxd4 {[%emt 0:00:30]} 29. Qa5 {[%emt 0:01:27]} Qxf4 {[%emt 0:05:30]} 30. Qd8+ {[%emt 0:01:05]} Kh7 {[%emt 0:00:30]} 31. Rg1 {[%emt 0:00:03]} Qf2 {[%emt 0:07:30]} 32. Qd7 {[%emt 0:01:04]} Rh4 {[%emt 0:01:30]} 33. h3 {[%emt 0:00:44]} d4 {[%emt 0:03:30]} 34. Qxb7 {[%emt 0:00:27]} d3 {[%emt 0:05:30]} 35. Qxc6 {[%emt 0:00:16]} Re4 {[%emt 0:01:30]} 36. Qd5 {[%emt 0:01:00]} d2 {[%emt 0:01:30]} 37. c6 {[%emt 0:00:39]} Re1 {[%emt 0:00:30]} 0-1

[Event "Turkish Club Cup 2019"]
[Site "Konya"]
[Date "2019.07.18"]
[Round "5"]
[White "Koc, Azra Ece"]
[Black "Sen, Nehir"]
[Result "1-0"]
[WhiteElo "1527"]
[BlackElo "1307"]
[Annotator "NA"]
[PlyCount "41"]
[EventDate "2019.07.16"]
[EventType "team-tourn"]
[EventCountry "TUR"]
[SourceTitle "playchess.com"]
[Source "ChessBase"]
[SourceQuality "1"]
[TimeControl "5400+30"]

1. d4 {[%emt 0:00:30]} g6 {[%emt 0:00:30]} 2. Bf4 {[%emt 0:00:30]} Bg7 {[%emt 0:00:30]} 3. Nc3 {[%emt 0:00:00]} d6 {[%emt 0:00:30]} 4. e4 {[%emt 0:00:00]} c6 {[%emt 0:01:30]} 5. Nf3 {[%emt 0:00:30]} Nf6 {[%emt 0:01:30]} 6. Qd2 {[%emt 0:01:30]} O-O {[%emt 0:00:30]} 7. Bh6 {[%emt 0:01:30]} b5 {[%emt 0:01:30]} 8. a3 {[%emt 0:04:30]} Qa5 {[%emt 0:02:30]} 9. Bxg7 {[%emt 0:04:30]} Kxg7 {[%emt 0:00:30]} 10. Bd3 {[%emt 0:01:30]} a6 {[%emt 0:01:30]} 11. b4 {[%emt 0:07:30]} Qc7 {[%emt 0:01:30]} 12. e5 {[%emt 0:07:30]} Nfd7 {[%emt 0:11:30]} 13. Qe3 {[%emt 0:03:30]} Nb6 {[%emt 0:19:30]} 14. h4 {[%emt 0:11:30]} N8d7 {[%emt 0:12:30]} 15. h5 {[%emt 0:06:30]} Rh8 {[%emt 0:19:30]} 16. hxg6 {[%emt 0:04:30]} hxg6 {[%emt 0:00:30]} 17. Rxh8 {[%emt 0:00:30]} Kxh8 {[%emt 0:00:00]} 18. Qh6+ {[%emt 0:01:30]} Kg8 {[%emt 0:00:00]} 19. Bxg6 {[%emt 0:01:30]} fxg6 {[%emt 0:00:30]} 20. Qxg6+ {[%emt 0:00:00]} Kh8 {[%emt 0:00:30]} 21. Ng5 {[%emt 0:00:00]} 1-0

[Event "Turkish Club Cup 2019"]
[Site "Konya"]
[Date "2019.07.18"]
[Round "5"]
[White "Sancar, Alperen"]
[Black "Ince, Eray"]
[Result "0-1"]
[WhiteElo "1479"]
[BlackElo "1459"]
[Annotator "NA"]
[PlyCount "70"]
[EventDate "2019.07.16"]
[EventType "team-tourn"]
[EventCountry "TUR"]
[SourceTitle "playchess.com"]
[Source "ChessBase"]
[SourceQuality "1"]
[TimeControl "5400+30"]

1. d4 {[%emt 0:00:30]} g6 {[%emt 0:00:30]} 2. Bf4 {[%emt 0:00:30]} Bg7 {[%emt 0:00:00]} 3. Nf3 {[%emt 0:00:30]} d6 {[%emt 0:00:00]} 4. e3 {[%emt 0:00:30]} Nf6 {[%emt 0:01:30]} 5. Nbd2 {[%emt 0:01:30]} Nbd7 {[%emt 0:01:30]} 6. Bd3 {[%emt 0:04:30]} O-O {[%emt 0:00:30]} 7. c3 {[%emt 0:00:30]} Re8 {[%emt 0:00:00]} 8. Bg3 {[%emt 0:03:30]} e5 {[%emt 0:01:00]} 9. Bc2 {[%emt 0:09:30]} exd4 {[%emt 0:07:30]} 10. cxd4 {[%emt 0:00:00]} Nb6 {[%emt 0:00:30]} 11. O-O {[%emt 0:08:00]} Nh5 {[%emt 0:02:30]} 12. Bh4 {[%emt 0:12:30]} Bf6 {[%emt 0:02:30]} 13. Bxf6 {[%emt 0:00:30]} Nxf6 {[%emt 0:00:00]} 14. Rc1 {[%emt 0:00:00]} Bg4 {[%emt 0:13:00]} 15. h3 {[%emt 0:06:00]} Bxf3 {[%emt 0:00:30]} 16. Qxf3 {[%emt 0:01:30]} d5 {[%emt 0:00:30]} 17. Bb3 {[%emt 0:02:30]} c6 {[%emt 0:00:30]} 18. Bc2 {[%emt 0:01:30]} Qe7 {[%emt 0:01:30]} 19. Qe2 {[%emt 0:04:30]} Nh5 {[%emt 0:02:30]} 20. g4 {[%emt 0:05:30]} Nf4 {[%emt 0:02:30]} 21. Qf3 {[%emt 0:00:30]} Ne6 {[%emt 0:00:30]} 22. Rfe1 {[%emt 0:05:30]} Qb4 {[%emt 0:01:30]} 23. Nb3 {[%emt 0:02:30]} Nc4 {[%emt 0:00:00]} 24. Rb1 {[%emt 0:01:30]} Nxb2 {[%emt 0:09:00]} 25. Na1 {[%emt 0:04:30]} Nxd4 {[%emt 0:04:30]} 26. Qf6 {[%emt 0:01:30]} c5 {[%emt 0:00:30]} 27. Bb3 {[%emt 0:02:30]} Re6 {[%emt 0:00:30]} 28. Qf4 {[%emt 0:01:30]} Ne2+ {[%emt 0:03:30]} 29. Rxe2 {[%emt 0:00:30]} Qxf4 {[%emt 0:00:30]} 30. exf4 {[%emt 0:00:30]} Rxe2 {[%emt 0:00:30]} 31. Bxd5 {[%emt 0:00:00]} Rae8 {[%emt 0:00:30]} 32. Kf1 {[%emt 0:01:00]} Nd3 {[%emt 0:00:30]} 33. Bc4 {[%emt 0:00:00]} Re1+ {[%emt 0:00:30]} 34. Rxe1 {[%emt 0:00:00]} Rxe1+ {[%emt 0:00:30]} 35. Kg2 {[%emt 0:00:30]} Nxf4+ {[%emt 0:00:00]} 0-1

[Event "Turkish Club Cup 2019"]
[Site "Konya"]
[Date "2019.07.18"]
[Round "5"]
[White "Hekimoglu, Mihriban"]
[Black "Sahin, Hayrun Nisa"]
[Result "0-1"]
[WhiteElo "1440"]
[BlackElo "1772"]
[Annotator "NA RC"]
[PlyCount "128"]
[EventDate "2019.07.16"]
[EventType "team-tourn"]
[EventCountry "TUR"]
[SourceTitle "playchess.com"]
[Source "ChessBase"]
[SourceQuality "1"]
[TimeControl "5400+30"]

1. d4 {[%emt 0:00:30]} Nf6 {[%emt 0:00:30]} 2. Nf3 {[%emt 0:00:00]} g6 {[%emt 0:00:00]} 3. Bf4 {[%emt 0:01:00]} Bg7 {[%emt 0:00:00]} 4. e3 {[%emt 0:00:30]} O-O {[%emt 0:00:00]} 5. Be2 {[%emt 0:01:30]} d6 {[%emt 0:03:00]} 6. h3 c5 {[%emt 0:03:30]} 7. c3 {[%emt 0:13:00]} Qb6 {[%emt 0:01:30]} 8. Qd2 {[%emt 0:01:30]} Bf5 {[%emt 0:08:30]} 9. O-O {[%emt 0:03:30]} Ne4 {[%emt 0:05:30]} 10. Qc1 {[%emt 0:00:30]} Rc8 {[%emt 0:00:30]} 11. Nbd2 {[%emt 0:03:30]} cxd4 {[%emt 0:04:30]} 12. exd4 {[%emt 0:00:30]} Nc6 {[%emt 0:04:30]} 13. Nxe4 {[%emt 0:05:30]} Bxe4 {[%emt 0:02:30]} 14. Qd2 {[%emt 0:00:30]} Na5 {[%emt 0:05:30]} 15. Rfe1 {[%emt 0:07:30]} Rc7 {[%emt 0:12:30]} 16. b3 {[%emt 0:07:30]} Rac8 {[%emt 0:07:30]} 17. Rac1 {[%emt 0:01:30]} Bd5 {[%emt 0:00:30]} 18. Qe3 {[%emt 0:12:30]} Nc6 {[%emt 0:07:30]} 19. Ng5 {[%emt 0:12:30]} h6 {[%emt 0:02:30]} 20. Nf3 {[%emt 0:03:30]} g5 {[%emt 0:07:30]} 21. Bh2 {[%emt 0:02:30]} f5 {[%emt 0:03:14]} 22. Red1 {[%emt 0:04:10]} f4 {[%emt 0:03:32]} 23. Qd2 {[%emt 0:00:19]} Qa5 {[%emt 0:00:52]} 24. g3 {[%emt 0:06:31]} Bxf3 {[%emt 0:02:17]} 25. Bxf3 {[%emt 0:00:08]} Nxd4 {[%emt 0:01:27]} 26. Bg4 {[%emt 0:03:07]} fxg3 {[%emt 0:03:22]} 27. Bxg3 {[%emt 0:01:14]} Rxc3 {[%emt 0:01:51]} 28. Rxc3 {[%emt 0:02:13]} Qxc3 {[%emt 0:00:11]} 29. Qe3 {[%emt 0:01:15]} Rc7 {[%emt 0:00:57]} 30. Be6+ {[%emt 0:01:04]} Kf8 {[%emt 0:01:32]} 31. Qe4 {[%emt 0:01:14]} Nxe6 {[%emt 0:02:43]} 32. Qxe6 {[%emt 0:00:35]} Qf6 {[%emt 0:02:04]} 33. Rxd6 {[%emt 0:01:31]} exd6 {[%emt 0:01:11]} 34. Bxd6+ {[%emt 0:01:22]} Re7 {[%emt 0:00:20]} 35. Bxe7+ {[%emt 0:01:39]} Qxe7 {[%emt 0:00:04]} 36. Qc8+ {[%emt 0:01:00]} Kf7 {[%emt 0:00:10]} 37. Qc4+ {[%emt 0:00:16]} Kf6 {[%emt 0:01:14]} 38. Qd4+ {[%emt 0:00:13]} Kg6 {[%emt 0:01:31]} 39. Qd3+ {[%emt 0:00:17]} Kf6 {[%emt 0:00:56]} 40. Qd4+ {[%emt 0:00:11]} Qe5 {[%emt 0:00:53]} 41. Qd8+ {[%emt 0:00:14]} Kg6 {[%emt 0:01:09]} 42. Qd3+ {[%emt 0:01:10]} Qf5 {[%emt 0:00:11]} 43. Qd6+ {[%emt 0:00:15]} Bf6 {[%emt 0:00:48]} 44. Qf8 {[%emt 0:00:45]} Qxh3 {[%emt 0:00:30]} 45. Qg8+ {[%emt 0:00:42]} Bg7 {[%emt 0:01:12]} 46. Qe8+ {[%emt 0:00:18]} Kf6 {[%emt 0:00:17]} 47. Qd8+ {[%emt 0:00:10]} Kf7 {[%emt 0:00:24]} 48. Qd5+ {[%emt 0:00:18]} Qe6 {[%emt 0:00:52]} 49. Qxb7+ {[%emt 0:00:11]} Kg6 {[%emt 0:00:00]} 50. Qxa7 {[%emt 0:00:36]} Qe1+ {[%emt 0:00:22]} 51. Kg2 {[%emt 0:00:00]} Qe4+ {[%emt 0:00:35]} 52. Kg1 {[%emt 0:00:05]} Bd4 {[%emt 0:00:28]} 53. Qa6+ {[%emt 0:00:02]} Kh5 {[%emt 0:00:13]} 54. Qf1 {[%emt 0:01:15]} Qg4+ {[%emt 0:00:49]} 55. Kh1 {[%emt 0:00:07]} Qh4+ {[%emt 0:00:01]} 56. Kg2 {[%emt 0:01:02]} Be5 {[%emt 0:00:30]} 57. Qe2+ {[%emt 0:00:09]} Qg4+ {[%emt 0:00:31]} 58. Qxg4+ {[%emt 0:00:30]} Kxg4 {[%emt 0:00:00]} 59. b4 {[%emt 0:00:40]} Bc3 {[%emt 0:00:00]} 60. b5 {[%emt 0:00:11]} Ba5 {[%emt 0:00:00]} 61. f3+ {[%emt 0:01:26]} Kf4 {[%emt 0:00:00]} 62. a3 {[%emt 0:00:13]} Bb6 {[%emt 0:00:13]} 63. a4 {[%emt 0:00:06]} h5 {[%emt 0:00:03]} 64. Kh3 {[%emt 0:00:21]} Kxf3 {[%emt 0:00:16]} 0-1

[Event "Turkish Club Cup 2019"]
[Site "Konya"]
[Date "2019.07.18"]
[Round "5"]
[White "Yaman, Sila"]
[Black "Yalcin, Sudenaz"]
[Result "1/2-1/2"]
[WhiteElo "1381"]
[BlackElo "1371"]
[Annotator "NA"]
[PlyCount "60"]
[EventDate "2019.07.16"]
[EventType "team-tourn"]
[EventCountry "TUR"]
[SourceTitle "playchess.com"]
[Source "ChessBase"]
[SourceQuality "1"]
[TimeControl "5400+30"]

1. d4 {[%emt 0:00:30]} Nf6 {[%emt 0:00:30]} 2. c4 {[%emt 0:00:30]} d6 {[%emt 0:00:30]} 3. Nc3 {[%emt 0:00:30]} g6 {[%emt 0:00:00]} 4. e4 {[%emt 0:00:00]} Bg7 {[%emt 0:00:00]} 5. f3 {[%emt 0:00:00]} O-O {[%emt 0:00:00]} 6. Be3 {[%emt 0:00:00]} e5 {[%emt 0:01:00]} 7. d5 {[%emt 0:00:00]} Nbd7 {[%emt 0:00:30]} 8. Nge2 {[%emt 0:00:30]} Ne8 {[%emt 0:00:30]} 9. g4 {[%emt 0:07:30]} Nc5 {[%emt 0:06:30]} 10. Qd2 {[%emt 0:12:30]} a5 {[%emt 0:05:30]} 11. h4 {[%emt 0:05:30]} f6 {[%emt 0:10:30]} 12. Ng3 {[%emt 0:05:30]} Rf7 {[%emt 0:06:30]} 13. Be2 {[%emt 0:02:30]} Nd7 {[%emt 0:08:30]} 14. Bd3 {[%emt 0:07:30]} Bf8 {[%emt 0:07:30]} 15. g5 {[%emt 0:05:30]} Nc5 {[%emt 0:04:30]} 16. Bc2 {[%emt 0:04:30]} f5 {[%emt 0:06:30]} 17. Nge2 {[%emt 0:02:30]} f4 {[%emt 0:00:30]} 18. Bf2 {[%emt 0:01:30]} Ng7 {[%emt 0:00:30]} 19. O-O-O {[%emt 0:09:30]} b6 {[%emt 0:03:30]} 20. a4 {[%emt 0:03:30]} Ba6 {[%emt 0:01:30]} 21. b3 {[%emt 0:00:30]} Bb7 {[%emt 0:00:30]} 22. Kb2 {[%emt 0:03:30]} Na6 {[%emt 0:00:30]} 23. Rdg1 {[%emt 0:01:30]} Nb4 {[%emt 0:00:30]} 24. Bb1 {[%emt 0:01:30]} Nh5 {[%emt 0:01:30]} 25. Nc1 {[%emt 0:01:30]} Bc8 {[%emt 0:03:30]} 26. Nd3 {[%emt 0:00:30]} Nxd3+ {[%emt 0:00:00]} 27. Bxd3 {[%emt 0:00:30]} Bd7 {[%emt 0:00:00]} 28. Bf1 {[%emt 0:03:30]} Qc8 {[%emt 0:00:30]} 29. Be2 {[%emt 0:01:30]} Qd8 {[%emt 0:01:30]} 30. Qd1 {[%emt 0:00:00]} Qc8 {[%emt 0:00:00]} 1/2-1/2

[Event "Turkish Club Cup 2019"]
[Site "Konya"]
[Date "2019.07.18"]
[Round "5"]
[White "Canakay, Kerem"]
[Black "Kargi, Mert"]
[Result "0-1"]
[WhiteElo "1353"]
[BlackElo "1729"]
[Annotator "NA"]
[PlyCount "68"]
[EventDate "2019.07.16"]
[EventType "team-tourn"]
[EventCountry "TUR"]
[SourceTitle "playchess.com"]
[Source "ChessBase"]
[SourceQuality "1"]
[TimeControl "5400+30"]

1. e4 {[%emt 0:00:30]} c5 {[%emt 0:00:30]} 2. Nf3 {[%emt 0:00:30]} Nc6 {[%emt 0:00:00]} 3. Bb5 {[%emt 0:00:30]} g6 {[%emt 0:00:00]} 4. d4 {[%emt 0:00:30]} cxd4 {[%emt 0:01:30]} 5. Nxd4 {[%emt 0:00:00]} Bg7 {[%emt 0:00:30]} 6. Nf3 {[%emt 0:01:00]} Qa5+ {[%emt 0:00:30]} 7. Nc3 {[%emt 0:01:30]} Bxc3+ {[%emt 0:00:30]} 8. bxc3 {[%emt 0:00:30]} Qxb5 {[%emt 0:00:00]} 9. Nd4 {[%emt 0:01:30]} Qc4 {[%emt 0:05:00]} 10. Bb2 {[%emt 0:01:30]} e5 {[%emt 0:00:30]} 11. Nxc6 {[%emt 0:00:30]} Qxe4+ {[%emt 0:00:00]} 12. Qe2 {[%emt 0:00:30]} Qxe2+ {[%emt 0:00:00]} 13. Kxe2 {[%emt 0:00:30]} bxc6 {[%emt 0:00:30]} 14. Rhe1 {[%emt 0:00:30]} Ba6+ {[%emt 0:00:30]} 15. Kd2 {[%emt 0:00:30]} d6 {[%emt 0:00:30]} 16. Ba3 {[%emt 0:00:30]} O-O-O {[%emt 0:01:30]} 17. Rab1 {[%emt 0:00:30]} f5 {[%emt 0:00:30]} 18. Rb2 {[%emt 0:01:30]} Nf6 {[%emt 0:03:30]} 19. f3 {[%emt 0:00:30]} Kc7 {[%emt 0:00:30]} 20. Rbb1 {[%emt 0:01:30]} e4 {[%emt 0:00:30]} 21. Bb4 {[%emt 0:02:30]} Rb8 {[%emt 0:01:30]} 22. Rbd1 {[%emt 0:03:30]} c5 {[%emt 0:00:00]} 23. Ba3 {[%emt 0:00:30]} Rhe8 {[%emt 0:01:00]} 24. Rg1 {[%emt 0:09:30]} e3+ {[%emt 0:01:30]} 25. Kc1 {[%emt 0:00:30]} e2 {[%emt 0:00:30]} 26. Rde1 {[%emt 0:00:30]} Nd5 {[%emt 0:00:00]} 27. Bb2 {[%emt 0:00:30]} Bc4 {[%emt 0:00:00]} 28. a3 {[%emt 0:00:30]} Ne3 {[%emt 0:01:30]} 29. a4 {[%emt 0:00:30]} Nd1 {[%emt 0:00:00]} 30. Ba1 {[%emt 0:01:30]} Kb6 {[%emt 0:01:00]} 31. g4 {[%emt 0:02:30]} f4 {[%emt 0:00:00]} 32. Rg2 {[%emt 0:00:30]} Ka5 {[%emt 0:00:00]} 33. h4 {[%emt 0:02:30]} h6 {[%emt 0:00:30]} 34. h5 {[%emt 0:01:30]} g5 {[%emt 0:00:00]} 0-1